Institucionalidad social en América Latina y el Caribe (Registro nro. 3787)
[ vista simple ]
| 000 -LEADER | |
|---|---|
| fixed length control field | 01998 a2200253 4500 |
| 001 - CONTROL NUMBER | |
| control field | 44408 |
| 005 - DATE AND TIME OF LATEST TRANSACTION | |
| control field | 20260407155721.0 |
| 008 - FIXED-LENGTH DATA ELEMENTS--GENERAL INFORMATION | |
| fixed length control field | 260407a2017 arg spa d |
| 003 - CONTROL NUMBER IDENTIFIER | |
| control field | AR-UNSa-BCEJYS |
| 040 ## - CATALOGING SOURCE | |
| Original cataloging agency | AR-UNSa-BCEJYS |
| Language of cataloging | spa |
| Transcribing agency | AR-UNSa-BCEJYS |
| 080 ## - UNIVERSAL DECIMAL CLASSIFICATION NUMBER | |
| Universal Decimal Classification number | 304.4 |
| Common auxiliary subdivision | Aspectos generales de las políticas y prácticas sociales y culturales (política social) |
| 020 ## - INTERNATIONAL STANDARD BOOK NUMBER | |
| International Standard Book Number | 978-92-1-121956-2 |
| 041 ## - LANGUAGE CODE | |
| Language code of text/sound track or separate title | spa |
| 100 1# - MAIN ENTRY--PERSONAL NAME | |
| Personal name | Martínez, Rodrigo |
| 245 10 - TITLE STATEMENT | |
| Title | Institucionalidad social en América Latina y el Caribe |
| 264 #1 - PRODUCTION, PUBLICATION, DISTRIBUTION, MANUFACTURE, AND COPYRIGHT NOTICE | |
| Place of production, publication, distribution, manufacture | Santiago de Chile : |
| Name of producer, publisher, distributor, manufacturer | CEPAL (Comisión Económica para América Latina y el Caribe) |
| Date of production, publication, distribution, manufacture, or copyright notice | 2017 |
| 300 ## - PHYSICAL DESCRIPTION | |
| Extent | 328 p. |
| Dimensions | 22 cm. |
| 505 ## - FORMATTED CONTENTS NOTE | |
| Formatted contents note | Capítulo I. Institucionalidad y desarrollo social / Rodrigo Martínez, Carlos Maldonado Valera - Capítulo II. La institucionalidad del desarrollo y la protección social en América Latina y el Caribe: panorama y desafíos / Rodrigo Martínez, Carlos Maldonado Valera - Capítulo III. Regulación del mercado de trabajo y protección social: desafíos institucionales / Mario D. Velásquez Pinto - Capítulo IV. Aspectos institucionales de los sistemas de pensiones en América Latina / Andras Uthoff - Capítulo V. El cuidado, pilar de la protección social: derechos, políticas e institucionalidad en América Latina / María Nieves Rico, Claudia Robles - Capítulo VI. Ciclo de vida y políticas sociales: las instituciones de juventud en la región / Daniela Trucco - Capítulo VII. Discapacidad y políticas públicas: avances y desafíos institucionales en América Latina / Heidi Ullmann - Capítulo VIII. Afrodescendientes latinoamericanos: institucionalidad y políticas públicas / Marta Rangel |
| 590 ## - LOCAL NOTE (RLIN) | |
| Local note | niveau_biblio:m niveau_hierar:0 |
| 700 1# - ADDED ENTRY--PERSONAL NAME | |
| Personal name | Naciones Unidas. Comisión Económica para América Latina y el Caribe (CEPAL) |
| 700 1# - ADDED ENTRY--PERSONAL NAME | |
| Personal name | Agencia Alemana de Cooperación Internacional |
| 856 41 - ELECTRONIC LOCATION AND ACCESS | |
| Uniform Resource Identifier | <a href="https://biblioeco.unsa.edu.ar/pmb/images/libros/L126878.jpg">https://biblioeco.unsa.edu.ar/pmb/images/libros/L126878.jpg</a> |
| Link text | Imagen de portada |
| Electronic format type | image/jpeg |
| 942 ## - ADDED ENTRY ELEMENTS (KOHA) | |
| Koha item type | |
| Withdrawn status | Lost status | Damaged status | Not for loan | Home library | Current library | Shelving location | Date acquired | Total checkouts | Full call number | Barcode | Date last seen | Price effective from | Koha item type |
|---|---|---|---|---|---|---|---|---|---|---|---|---|---|
| Biblioteca Prof. Eusebio Cleto del Rey | Biblioteca Prof. Eusebio Cleto del Rey | 07/04/2026 | 304.4 M378 | L126878 | 07/04/2026 | 07/04/2026 | Libro |